Principles and practice of operative dentistry a modern approach
Guardat en:
| Autor principal: | |
|---|---|
| Format: | Llibre |
| Idioma: | anglès |
| Publicat: |
Quintessence Publishing
2013
|
| Etiquetes: |
Afegir etiqueta
Sense etiquetes, Sigues el primer a etiquetar aquest registre!
|
MARC
| LEADER | 00000nam a22000007a 4500 | ||
|---|---|---|---|
| 008 | 201214b ||||| |||| 00| 0 eng d | ||
| 020 | |a 978-1-85097-254-9 | ||
| 100 | |a AKPATA, Enosakhare S | ||
| 245 | |a Principles and practice of operative dentistry |b a modern approach |c Enosakhare S. Akpata, Qasem D. Alomari [and] Abdullah R. Alshammery |g xi.; 252p.; ill | ||
| 260 | |b Quintessence Publishing |c 2013 |h London |i 685068 |l RK501 .Ak6 |m Dentistry, Operative. | ||
| 500 | |a It includes bibliographical references and index | ||
| 942 | |a lcc |c BK |e ADEYEYE Y. S. |f 14/12/2020 | ||
| 952 | |0 0 |1 0 |2 lcc |4 0 |7 0 |9 435 |a HOL |b HOL |c QZ |d 2020-12-14 |o RK501 .Ak6 |p 2020-2164 |r 2020-12-14 00:00:00 |w 2020-12-14 |y BK | ||
| 999 | |c 219 |d 219 | ||